|
|
|
|
| LEADER |
01287nam a22002657a 4500 |
| 001 |
37605 |
| 003 |
BD-DhAAL |
| 008 |
220102t2020 bg ar f0 0ben d |
| 040 |
|
|
|a BD-DhAAL
|c BD-DhAAL
|
| 041 |
|
|
|a ben
|
| 082 |
0 |
0 |
|a 378.33095492
|2 23
|
| 110 |
1 |
|
|a বাংলাদেশ
|b বাংলাদেশ অ্যাক্রেডিটেশন কাউন্সিল.
|9 3765
|
| 245 |
1 |
0 |
|a প্রথম বার্ষিক প্রতিবেদন,
|n ২০১৮-২০১৯ ও ২০১৯-২০২০
|
| 246 |
|
|
|a First annual report : 2018-2019 & 2019-2020
|
| 260 |
|
|
|a ঢাকা :
|b বাংলাদেশ অ্যাক্রেডিটেশন কাউন্সিল,
|c ২০২০
|
| 300 |
|
|
|a vi, ২৬০ পৃষ্ঠা :
|b চিত্র ;
|c ২৪ সে.মি.
|
| 310 |
|
|
|a বার্ষিক
|
| 541 |
|
|
|e 37605
|
| 546 |
|
|
|a In Bengali.
|
| 650 |
|
0 |
|a Education, Higher
|z Bangladesh
|v Periodicals.
|9 3767
|
| 650 |
|
0 |
|a Government aid to higher education
|z Bangladesh
|v Periodicals.
|9 3768
|
| 852 |
1 |
|
|a Ayesha Abed Library
|c Reference Section
|
| 942 |
|
|
|2 ddc
|c BK
|
| 999 |
|
|
|c 43382
|d 43382
|
| 952 |
|
|
|0 0
|1 0
|2 ddc
|4 0
|6 378_330954920000000_PRO
|7 1
|9 69639
|a BRACUL
|b BRACUL
|c REF
|d 2022-01-02
|l 0
|o 378.33095492 PRO
|p 3010037605
|r 2022-01-02
|t 1
|w 2022-01-02
|y BK
|